[Event "Druzynowe Mistrzostwa Polski Juniorow - II Liga"]
[Site "Iwonicz"]
[Date "2016-07-31"]
[Round "11.14"]
[White "Maminski, Hubert"]
[Black "Janiszewski, Filip"]
[Result "1-0"]
[WhiteTitle "I"]
[BlackTitle "I+"]
[WhiteElo "1801"]
[BlackElo "1996"]

1. d4 d5 2. c4 e6 3. Nf3 Nf6 4. e3 c6 5. Nc3 Nbd7 6. Bd3 Be7 7. O-O dxc4 8. Bxc4
b5 9. Bd3 a6 10. Ne4 Bb7 11. Qc2 Nd5 12. a3 Qb6 13. Bd2 a5 14. Rfc1 h6 15. Nc5
Bxc5 16. dxc5 Qc7 17. b4 axb4 18. axb4 O-O 19. Bc3 Rfe8 20. Qb2 Nxc3 21. Qxc3
e5 22. Rxa8 Bxa8 23. Ra1 Bb7 24. Nd2 Nf6 25. Ne4 Nxe4 26. Bxe4 Bc8 27. h3 f5 28.
Bc2 Be6 29. Rd1 e4 30. Rd6 Bc4 31. Qd4 Re7 32. Qc3 Rd7 33. Qe5 Rxd6 34. cxd6 Qd7
35. Bd1 Kf7 36. f3 Bd5 37. fxe4 Bxe4 38. Bb3+ Kf8 39. Be6 Qa7 40. Kh2 Qb8 1-0

[Event "Druzynowe Mistrzostwa Polski Juniorow - II Liga"]
[Site "Iwonicz"]
[Date "2016-07-31"]
[Round "11.15"]
[White "Skurniak, Szymon"]
[Black "Golecki, Jan"]
[Result "1-0"]
[WhiteTitle "I"]
[BlackTitle "I+"]
[WhiteElo "1603"]
[BlackElo "1758"]

1. e4 e5 2. Nf3 Nf6 3. Nxe5 d6 4. Nf3 Nxe4 5. Nc3 Nxc3 6. dxc3 Be7 7. Bf4 O-O 8.
Qd2 Nd7 9. O-O-O Nc5 10. Be3 Be6 11. Kb1 c6 12. h4 Qa5 13. a3 Ne4 14. Qe1 d5 15.
Ng5 b5 16. f3 Nxg5 17. hxg5 Qc7 18. Bd3 g6 19. Rxh7 Qe5 20. Bd4 f6 21. Bxe5 Kxh7
22. Bd4 c5 23. Qxe6 cxd4 24. Qxe7+ Kg8 25. Bxg6 1-0

[Event "Druzynowe Mistrzostwa Polski Juniorow - II Liga"]
[Site "Iwonicz"]
[Date "2016-07-31"]
[Round "11.16"]
[White "Redzisz, Michal"]
[Black "Ochedzan, Tymon"]
[Result "1/2-1/2"]
[WhiteTitle "II"]
[BlackTitle "II+"]
[WhiteElo "1756"]
[BlackElo "1636"]

1. e4 c5 2. Nf3 d6 3. d4 cxd4 4. Qxd4 Nc6 5. Bb5 Bd7 6. Qd3 a6 7. Bxc6 Bxc6 8.
Nc3 g6 9. O-O Bg7 10. Re1 Nf6 11. Be3 O-O 12. Rad1 Qc7 13. Nd4 Rfd8 14. Nxc6 bxc6
15. Na4 Nd7 16. b3 c5 17. Qd2 Qc6 18. Bh6 Nb6 19. Bxg7 Kxg7 20. Nxb6 Qxb6 21.
Re3 h5 22. Rg3 Qb7 23. Qc3+ Kh7 24. Qf3 Rf8 25. Rd5 e5 26. Rh3 Qe7 27. Qd1 Rfd8
28. Rhd3 Qh4 29. f3 Qf4 30. Qd2 Qh4 31. Rxd6 Rxd6 32. Rxd6 c4 33. g3 Qe7 34. Qd5
Ra7 35. b4 c3 36. a3 1/2-1/2

[Event "Druzynowe Mistrzostwa Polski Juniorow - II Liga"]
[Site "Iwonicz"]
[Date "2016-07-31"]
[Round "11.17"]
[White "Wawrzyniak, Weronika"]
[Black "Kozaczynska, Aleksandra"]
[Result "0-1"]
[WhiteTitle "I"]
[BlackTitle "I++"]
[WhiteElo "1322"]
[BlackElo "1683"]

1. e4 e5 2. Nf3 Nc6 3. Bb5 a6 4. Ba4 Nf6 5. O-O Be7 6. Re1 b5 7. Bb3 O-O 8. h3
Bb7 9. c3 d5 10. exd5 Nxd5 11. Nxe5 Nxe5 12. Rxe5 Nf4 13. d4 Nxg2 14. d5 Nh4 15.
Kf1 Qd6 16. Re4 Qh2 17. Qc2 Qxh3+ 18. Ke1 Bc5 19. Be3 Ng2+ 20. Ke2 Nxe3 21. fxe3
Rae8 22. Rxe8 Rxe8 23. e4 Qe3+ 24. Kd1 Rxe4 25. Qd2 Qf3+ 26. Kc2 Re2 27. Qxe2
Qxe2+ 28. Nd2 Be3 29. Rd1 Bc8 30. c4 Bf5+ 31. Kc1 bxc4 32. Bc2 Bxc2 33. Kxc2 Qd3+
34. Kc1 c3 35. bxc3 Qxc3+ 36. Kb1 Qxd2 37. Rxd2 Bxd2 38. Kc2 Be3 39. Kd3 Bb6 40.
a4 h5 41. Ke4 g5 42. Kf5 g4 43. Kf4 f5 44. Kxf5 g3 45. Kg5 g2 46. Kf5 g1=Q 47.
Ke6 Qe3+ 48. Kd7 Qe5 49. Kc6 Qd6+ 50. Kb7 Qxd5+ 51. Kxa6 Bd4 52. a5 Qc6# 0-1

[Event "Druzynowe Mistrzostwa Polski Juniorow - II Liga"]
[Site "Iwonicz"]
[Date "2016-07-31"]
[Round "11.19"]
[White "Leskiewicz, Ignacy"]
[Black "Raczynski, Krzysztof"]
[Result "0-1"]
[WhiteTitle "I"]
[BlackTitle "I++"]
[WhiteElo "1921"]
[BlackElo "2074"]

1. e4 c5 2. Nf3 d6 3. d4 cxd4 4. Nxd4 Nf6 5. Nc3 a6 6. Bg5 e6 7. f4 Qb6 8. Nb3
Nbd7 9. Qf3 Be7 10. O-O-O Qc7 11. Bd3 b5 12. Rhe1 Bb7 13. Nd4 b4 14. Nd5 exd5
15. exd5 Kf8 16. Nf5 Re8 17. Qg3 Rg8 18. Re3 Bd8 19. Rde1 Rxe3 20. Rxe3 Nxd5 21.
Nxg7 Nxe3 22. Bh6 Rxg7 23. Qxg7+ Ke7 24. f5 Nd5 25. Bg5+ N5f6 26. g4 Qc5 27. Kd2
Qf2+ 28. Be2 Bf3 0-1

[Event "Druzynowe Mistrzostwa Polski Juniorow - II Liga"]
[Site "Iwonicz"]
[Date "2016-07-31"]
[Round "11.20"]
[White "Kaminski, Piotr"]
[Black "Krol, Marcin"]
[Result "1-0"]
[WhiteTitle "I"]
[BlackTitle "I"]
[WhiteElo "1902"]
[BlackElo "1626"]

1. e4 e5 2. Nf3 Nf6 3. Nxe5 d6 4. Nf3 Nxe4 5. Nc3 Nxc3 6. dxc3 Be7 7. Be3 O-O 8.
Qd2 Nc6 9. O-O-O Bg4 10. Be2 Re8 11. h3 Bf5 12. g4 Be4 13. Rhg1 Ne5 14. Nd4 c5
15. Nf5 Nf3 16. Bxf3 Bxf3 17. Rde1 g6 18. Bh6 d5 19. Ng7 Rf8 20. Nh5 Re8 21. Qf4
Be4 22. f3 Bd6 23. Qd2 Be5 24. fxe4 gxh5 25. gxh5+ Kh8 26. exd5 Bf6 27. Ref1 Rg8
28. Rxg8+ Kxg8 29. Qf4 Be7 30. Qxf7+ Kh8 31. Bg7# 1-0

[Event "Druzynowe Mistrzostwa Polski Juniorow - II Liga"]
[Site "Iwonicz"]
[Date "2016-07-31"]
[Round "11.21"]
[White "Nowak, Mikolaj"]
[Black "Mietkiewicz, Jacek"]
[Result "1-0"]
[WhiteTitle "I++"]
[BlackTitle "I"]
[WhiteElo "2091"]
[BlackElo "1687"]

1. Nf3 e6 2. c4 d5 3. cxd5 exd5 4. d4 c5 5. g3 Nc6 6. Bg2 Nf6 7. O-O Be7 8. Nc3
O-O 9. Re1 Ne4 10. Be3 Nxc3 11. bxc3 c4 12. Nd2 Bf5 13. a4 Re8 14. Qc1 Bg6 15.
f3 f5 16. Bf4 Bf6 17. e4 Na5 18. e5 Be7 19. Qc2 Qc8 20. Rab1 Bf7 21. Bh3 Be6 22.
Kh1 Rf8 23. Be3 g5 24. Rb5 b6 25. Rb2 Qd7 26. Bg2 Kg7 27. Bf2 Rab8 28. f4 g4 29.
Nf1 Nb3 30. Ne3 Rbd8 31. Rxb3 cxb3 32. Qxb3 Qc6 33. c4 dxc4 34. Qc2 Bd5 35. Nxd5
Rxd5 36. Rc1 Qd7 37. Qxc4 Ra5 38. Bc6 Qc7 39. d5 Bc5 40. Be1 Be3 41. Bxa5 Bxc1
42. d6 Qc8 43. Bc3 Ba3 44. e6+ Kh6 45. e7 Bc5 46. exf8=Q+ Qxf8 47. Qe6+ 1-0

[Event "Druzynowe Mistrzostwa Polski Juniorow - II Liga"]
[Site "Iwonicz"]
[Date "2016-07-31"]
[Round "11.22"]
[White "Lepski, Maksymilian"]
[Black "Klimkowski, Jan"]
[Result "1-0"]
[WhiteTitle "II"]
[BlackTitle "II"]
[WhiteElo "1442"]
[BlackElo "1443"]

1. d4 Nf6 2. c4 e6 3. Nc3 Bb4 4. Qc2 O-O 5. Bg5 h6 6. Bh4 b5 7. cxb5 c6 8. e3 Bb7
9. f3 cxb5 10. Bxb5 Nc6 11. Nge2 Rc8 12. O-O Be7 13. a3 Qb6 14. Bd3 Na5 15. b4
Nc4 16. Bxc4 Rxc4 17. Qd3 Rfc8 18. e4 Qc6 19. Rfc1 a5 20. b5 Qc7 21. e5 Ne4 22.
Nxe4 Bxh4 23. g3 Be7 24. Nc5 Rxc1+ 25. Rxc1 d6 26. Nxb7 Qxb7 27. Rxc8+ Qxc8 28.
a4 dxe5 29. dxe5 Bb4 30. Kg2 Qc5 31. Qe4 Kf8 32. Qd4 Qc7 33. b6 Qb8 34. Nc1 Ke8
35. Nd3 Qd8 36. Qxd8+ Kxd8 37. Nb2 Kc8 38. Nc4 Kb7 39. f4 f6 40. f5 exf5 41. exf6
gxf6 42. Kf3 Bc5 43. Nxa5+ Kxb6 44. Nc4+ Kc6 45. Kf4 Kd5 46. Ne3+ Ke6 47. Nxf5
Bb4 48. Nd4+ Kd5 49. Nc2 Bd2+ 50. Kf3 Kc4 51. Ne3+ Kb4 52. a5 Kb5 53. Ke4 Bc1
54. Nd5 Kxa5 55. Nxf6 Kb6 56. Kf5 Kc6 57. Kg6 Kd6 58. Ng8 h5 59. Kxh5 Ke6 60.
Kg6 Ke5 61. h4 Ke4 62. g4 Kf4 63. Nf6 Bb2 64. h5 1-0

[Event "Druzynowe Mistrzostwa Polski Juniorow - II Liga"]
[Site "Iwonicz"]
[Date "2016-07-31"]
[Round "11.23"]
[White "Dwilewicz, Katarzyna"]
[Black "Szelag, Zuzanna"]
[Result "1-0"]
[WhiteTitle "I++"]
[BlackTitle "I++"]
[WhiteElo "1786"]
[BlackElo "1732"]

1. e4 c5 2. Nf3 e6 3. d4 cxd4 4. Nxd4 a6 5. Bd3 Qb6 6. Nb3 Qc7 7. O-O Nf6 8. Qe2
d6 9. c4 Nbd7 10. f4 Be7 11. Be3 b6 12. Nc3 Bb7 13. Rac1 O-O 14. Rfe1 Rac8 15.
Kh1 Rfd8 16. Bf2 Nc5 17. Nxc5 dxc5 18. Bg3 Qc6 19. Bc2 Qe8 20. e5 Nd7 21. Be4
Bxe4 22. Nxe4 Nb8 23. Qg4 Kh8 24. f5 exf5 25. Qxf5 Nc6 26. Rf1 Rd4 27. Nd6 Bxd6
28. exd6 Kg8 29. Rce1 Qf8 30. Qd7 Nb8 31. Qb7 f6 32. Re7 Re8 33. Rfe1 Rd8 34.
h3 Rd3 35. Kh2 Rd2 36. Qc7 Rxb2 37. Rxg7+ Kh8 38. Rxh7+ Kg8 39. Ree7 1-0

[Event "Druzynowe Mistrzostwa Polski Juniorow - II Liga"]
[Site "Iwonicz"]
[Date "2016-07-31"]
[Round "11.24"]
[White "Furtak, Joanna"]
[Black "Waligora, Julia"]
[Result "1-0"]
[WhiteTitle "I+"]
[BlackTitle "I"]
[WhiteElo "1686"]
[BlackElo "1349"]

1. e4 e6 2. d4 d5 3. Nd2 c5 4. exd5 exd5 5. Ngf3 Nf6 6. Bb5+ Bd7 7. Bxd7+ Nbxd7
8. dxc5 Bxc5 9. Qe2+ Qe7 10. Qxe7+ Bxe7 11. Nb3 Rc8 12. c3 O-O 13. Be3 a6 14.
O-O Rfd8 15. Rad1 h6 16. Rfe1 Bc5 17. Nxc5 Nxc5 18. Bxc5 Rxc5 19. Rd4 Rc4 20.
Red1 Re8 21. Kf1 Rxd4 22. Nxd4 g6 23. Nc2 Kf8 24. Ne3 Re5 25. Rd3 g5 26. Rd4 Re4
27. Rd3 Re5 28. h3 h5 29. a3 Ke8 30. Ke2 Ke7 31. Kf3 b5 32. Rd4 Ke6 33. Rd2 Ke7
34. Rd4 Ke6 35. Rd2 Ne4 36. Rd4 f5 37. g4 hxg4+ 38. hxg4 fxg4+ 39. Nxg4 Rf5+ 40.
Ke3 Rf4 41. f3 Nd6 1-0

[Event "Druzynowe Mistrzostwa Polski Juniorow - II Liga"]
[Site "Iwonicz"]
[Date "2016-07-31"]
[Round "11.25"]
[White "Golenia, Wojciech"]
[Black "Czerniawski, Krzysztof"]
[Result "1/2-1/2"]
[WhiteTitle "I+"]
[BlackTitle "I"]
[WhiteElo "1967"]
[BlackElo "1904"]

1. e3 d5 2. c4 c6 3. Nc3 Nf6 4. Nf3 e6 5. b3 Nbd7 6. Bb2 Be7 7. d4 O-O 8. Bd3 b6
9. O-O Bb7 10. Rc1 a6 11. e4 dxe4 12. Nxe4 c5 13. Qe2 Nxe4 14. Bxe4 Bxe4 15. Qxe4
Bf6 16. Rcd1 Qc7 17. Ne5 cxd4 18. Nxd7 Qxd7 19. Bxd4 Rfd8 20. Bxf6 Qxd1 21. Bxd8
Qxd8 22. Qf3 Rc8 23. Rd1 Qc7 24. Qd3 h6 25. h3 Qc6 26. Qd6 b5 27. Qxc6 Rxc6 28.
Rd8+ Kh7 29. cxb5 axb5 30. Rb8 Rc1+ 31. Kh2 Rc5 32. Kg3 Kg6 33. Kf4 Kf6 34. Ke4
Rd5 35. a4 bxa4 36. bxa4 Ra5 37. Rb4 1/2-1/2

[Event "Druzynowe Mistrzostwa Polski Juniorow - II Liga"]
[Site "Iwonicz"]
[Date "2016-07-31"]
[Round "11.26"]
[White "Fudalej, Slawomir"]
[Black "Golenia, Jan"]
[Result "0-1"]
[WhiteTitle "I"]
[BlackTitle "I"]
[WhiteElo "1597"]
[BlackElo "1860"]

1. e4 e5 2. Nf3 Nc6 3. Bb5 a6 4. Ba4 Nf6 5. O-O Bc5 6. c3 b5 7. Bc2 d6 8. d4 Bb6
9. h3 Bb7 10. Bg5 h6 11. Bh4 g5 12. Bg3 Qe7 13. dxe5 dxe5 14. a4 Rd8 15. Qe2 b4
16. Nfd2 bxc3 17. bxc3 O-O 18. Nc4 Ba7 19. Ne3 Kh7 20. Nd5 Qd6 21. Na3 Na5 22.
Bxe5 Qxe5 23. Nxf6+ Kg7 24. Nh5+ Kh8 25. Qf3 f5 26. Qg3 f4 27. Qf3 Rfe8 28. Rfd1
Bc5 29. g3 fxg3 30. Nxg3 Rxd1+ 31. Bxd1 Rf8 32. Qg2 Rxf2 33. Kh1 Rxg2 34. Kxg2
Qxc3 35. Nc2 Bd6 36. Ne2 Bxe4+ 37. Kg1 Qxh3 38. Kf2 Qh4+ 39. Kf1 Nb3 40. Ra2 Nd2+
41. Kg1 Bh2# 0-1

[Event "Druzynowe Mistrzostwa Polski Juniorow - II Liga"]
[Site "Iwonicz"]
[Date "2016-07-31"]
[Round "11.27"]
[White "Gawor, Jan Pawel"]
[Black "Maciak, Jakub"]
[Result "1-0"]
[WhiteTitle "II"]
[BlackTitle "II"]
[WhiteElo "1647"]
[BlackElo "1582"]

1. e4 c5 2. Nf3 e6 3. d4 cxd4 4. Nxd4 Nc6 5. Nc3 Qc7 6. Be2 Nf6 7. O-O a6 8. Be3
Bb4 9. Nxc6 bxc6 10. Na4 O-O 11. Nb6 Rb8 12. Nxc8 Rbxc8 13. Bxa6 Rb8 14. Bd3 Bd6
15. g3 Be5 16. Qd2 Bxb2 17. Rab1 Ba3 18. f4 d5 19. e5 Ng4 20. Rb3 Nxe3 21. Qxe3
Qe7 22. Rxa3 d4 23. Qf3 g6 24. Rb3 c5 25. Rfb1 Rxb3 26. axb3 Qa7 27. Qf1 Qa5 28.
Ra1 Qb6 29. Qe1 Kg7 30. Qe4 Qb4 31. Kf2 Qc3 32. Qe1 Qb2 33. Ra4 c4 34. Rxc4 Ra8
35. Ra4 Rc8 36. Qd1 Rc3 37. Ke1 Rxd3 38. Qxd3 Qc1+ 39. Ke2 Qg1 40. Qxd4 Qxh2+
41. Qf2 Qh5+ 42. Ke3 Qd1 43. Rd4 Qc1+ 44. Rd2 Qh1 45. c4 f5 46. exf6+ Kxf6 47.
Qh2 Qe1+ 48. Re2 Qc3+ 49. Ke4 h5 50. Qh4+ Kf7 51. Qd8 Qxb3 52. Qd7+ Kf6 53. Qd4+
Kf7 54. Re3 Qb7+ 55. Kd3 Qb3+ 56. Ke2 Qc2+ 57. Kf3 Qa4 58. Qe4 Qd1+ 59. Kg2 Qd2+
60. Re2 Qd6 61. Qxe6+ Qxe6 62. Rxe6 Kxe6 63. Kf3 1-0

[Event "Druzynowe Mistrzostwa Polski Juniorow - II Liga"]
[Site "Iwonicz"]
[Date "2016-07-31"]
[Round "11.29"]
[White "Debowska, Michalina"]
[Black "Wilant, Marta"]
[Result "1/2-1/2"]
[WhiteTitle "II+"]
[BlackTitle "II"]
[WhiteElo "1432"]
[BlackElo "1306"]

1. e4 c6 2. d4 d5 3. Nc3 dxe4 4. Nxe4 Bf5 5. Ng3 Bg6 6. h4 h6 7. h5 Bh7 8. Bd3
Bxd3 9. Qxd3 Nf6 10. Nf3 e6 11. Be3 Bd6 12. Ne4 Nxe4 13. Qxe4 Nd7 14. O-O-O Qc7
15. Nd2 Nf6 16. Qf3 Nd5 17. Nc4 Nxe3 18. Nxd6+ Qxd6 19. Qxe3 Qd5 20. Qg3 Qg5+
21. Qxg5 hxg5 22. Rde1 Rd8 23. c3 Rd5 24. g4 O-O 25. Re2 Rfd8 26. Rhe1 c5 27.
dxc5 Rxc5 28. Re5 Rdd5 29. Rxd5 Rxd5 30. Re4 Rd6 31. Ra4 a6 32. Kc2 f5 33. f3
fxg4 34. fxg4 Kf7 35. Rd4 Rd5 36. Kd3 Ke7 37. c4 Re5 38. Re4 Rc5 39. Kd4 Ra5 40.
a3 Kd6 1/2-1/2

[Event "Druzynowe Mistrzostwa Polski Juniorow - II Liga"]
[Site "Iwonicz"]
[Date "2016-07-31"]
[Round "11.30"]
[White "Raczykowska, Paulina"]
[Black "Budkiewicz, Magdalena"]
[Result "1/2-1/2"]
[WhiteTitle "I+"]
[BlackTitle "I"]
[WhiteElo "1679"]
[BlackElo "1651"]

1. e4 c5 2. Nf3 d6 3. d4 cxd4 4. Nxd4 Nf6 5. Nc3 a6 6. Bc4 e6 7. Bb3 Qc7 8. f4
b5 9. a3 Nc6 10. Be3 Be7 11. O-O O-O 12. f5 Nxd4 13. Bxd4 e5 14. Be3 Bb7 15. Qf3
Rac8 16. Rae1 Qc6 17. Kh1 a5 18. Bd5 Qd7 19. Bxb7 Qxb7 20. Bg5 Qb6 21. Bxf6 Bxf6
22. Nd5 Qd8 23. c3 Be7 24. Rd1 Rc6 25. Rd3 Bg5 26. Qe2 Rc4 27. Rdf3 Bf6 28. Rd3
Rc6 29. Rh3 Rc5 30. Rd1 h6 31. Rhd3 Rc6 32. Rf1 Rc5 33. Qd1 Rc6 34. Rff3 Kh7 35.
Rf1 Kg8 36. Qg4 Kh7 37. Rdd1 Rc4 38. Qe2 a4 39. Rd3 Re8 40. Rfd1 Rc6 41. Qh5 Rf8
42. Qe2 Re8 43. Qh5 Rf8 44. Qe2 Re8 1/2-1/2

[Event "Druzynowe Mistrzostwa Polski Juniorow - II Liga"]
[Site "Iwonicz"]
[Date "2016-07-31"]
[Round "11.31"]
[White "Klementowski, Dawid"]
[Black "Stochnialek, Dominika"]
[Result "1-0"]
[WhiteTitle "I"]
[BlackTitle "I"]
[WhiteElo "2000"]
[BlackElo "1439"]

1. e4 c5 2. Nf3 d6 3. d4 cxd4 4. Nxd4 Nf6 5. Nc3 g6 6. Bc4 Bg7 7. O-O O-O 8. Re1
Nc6 9. Bb3 Nd7 10. Be3 Nxd4 11. Bxd4 Bxd4 12. Qxd4 Qb6 13. Qd2 Nc5 14. Nd5 Qd8
15. Rad1 Be6 16. Qg5 f6 17. Qe3 Bf7 18. f4 Kg7 19. e5 Nxb3 20. exf6+ exf6 21.
Qxb3 b6 22. Qa3 Qc8 23. Qxd6 Bxd5 24. Qxd5 Qxc2 25. Re7+ Kh8 26. Qd7 Qc5+ 27.
Kh1 Qh5 28. Rd3 Rac8 29. Re1 Qa5 30. Rde3 Rcd8 31. Qb7 Rb8 32. Qe7 Qxa2 33. Ra3
Qg8 34. Qxa7 Rf7 35. Qa6 Qc8 36. Qa4 Qd7 37. Qb4 Qd5 38. Rae3 Qc5 39. Qb3 Kg7
40. h3 b5 41. Re4 Rfb7 42. Qg3 Rd8 43. Qf3 Rbd7 44. b4 Qd5 45. Qc3 Qd3 46. Re7+
Rxe7 47. Rxe7+ Kh6 48. Qxf6 Qd1+ 49. Kh2 1-0

[Event "Druzynowe Mistrzostwa Polski Juniorow - II Liga"]
[Site "Iwonicz"]
[Date "2016-07-31"]
[Round "11.33"]
[White "Grochol, Kamil"]
[Black "Poltorak, Sebastian"]
[Result "1/2-1/2"]
[WhiteTitle "II+"]
[BlackTitle "I"]
[WhiteElo "1648"]
[BlackElo "1707"]

1. e4 c6 2. d4 d5 3. Nc3 dxe4 4. Nxe4 Bf5 5. Ng3 Bg6 6. Nf3 Nd7 7. h4 h6 8. h5
Bh7 9. Bd3 Bxd3 10. Qxd3 e6 11. Bf4 Qa5+ 12. Bd2 Bb4 13. Ne4 Bxd2+ 14. Qxd2 Qxd2+
15. Kxd2 Ke7 16. c4 Ngf6 17. Rae1 Nxe4+ 18. Rxe4 Rhd8 19. Kc3 Rac8 20. b3 Nf6
21. Re2 Kf8 22. Kb4 b6 23. Rh4 c5+ 24. dxc5 Rxc5 25. Ne5 Nd7 26. Nd3 Rcc8 27.
Rf4 Kg8 28. Ne5 Nc5 29. Rf3 Rc7 30. Kc3 f6 31. Nd3 Rd6 32. Rfe3 Kf7 33. b4 Nd7
34. f4 Rdc6 35. Re4 b5 36. c5 Nb6 37. Kb3 Nd5 38. Rd4 Ne7 39. g4 Ra6 40. Re3 Rac6
41. Rd6 Nc8 42. Rxc6 Rxc6 43. Kc3 Ne7 44. Kb3 Rc8 45. Nb2 Nd5 46. Rf3 g6 47. hxg6+
Kxg6 48. a4 a6 49. axb5 axb5 50. Nd1 f5 51. gxf5+ Kxf5 52. Nc3 Nxc3 53. Kxc3 Ke4
54. Rf1 h5 55. Rh1 Rh8 56. Re1+ Kf5 57. Re5+ Kxf4 58. Rxe6 h4 59. Re1 h3 60. Rf1+
Ke3 61. Rh1 h2 62. c6 Rh7 63. Kb3 Kd3 64. c7 Rxc7 65. Rxh2 Rc3+ 66. Kb2 Rc4 1/2-1/2

[Event "Druzynowe Mistrzostwa Polski Juniorow - II Liga"]
[Site "Iwonicz"]
[Date "2016-07-31"]
[Round "11.34"]
[White "Ullrich, Karol"]
[Black "Oles, Martin"]
[Result "0-1"]
[WhiteTitle "II"]
[BlackTitle "II"]
[WhiteElo "1211"]
[BlackElo "1485"]

1. e4 c5 2. Nf3 d6 3. d4 cxd4 4. Nxd4 e5 5. Nf3 a6 6. Nc3 Nf6 7. Bg5 Be7 8. Be2
Be6 9. O-O O-O 10. a3 Nbd7 11. Qd2 h6 12. Bh4 Nc5 13. Bd3 Nfxe4 14. Bxe7 Nxd2
15. Bxd8 Nxf3+ 16. gxf3 Rfxd8 17. Be2 Bf5 18. Rac1 Ne6 19. Nd5 Kf8 20. c3 Nc5
21. Rcd1 Nb3 22. Bc4 Bc2 23. Bxb3 Bxb3 24. Rd2 Bxd5 25. Rxd5 Ke7 26. Rfd1 Rac8
27. R1d3 Rc5 28. b3 Rxd5 29. Rxd5 Ke6 30. c4 Rc8 31. Kf1 b5 32. Ke2 bxc4 33. bxc4
Rxc4 34. Ra5 Rc6 35. Ke3 d5 36. f4 f6 37. fxe5 fxe5 38. f4 Rd6 39. fxe5 Kxe5 40.
h4 g5 41. hxg5 hxg5 42. Kf3 Kf5 43. Kg3 Ke4 44. Kf2 g4 45. Kg3 Ke3 46. Kxg4 d4
47. Re5+ Kf2 48. Rf5+ Ke2 49. Re5+ Kd2 50. Rh5 d3 51. Kf3 Kd1 52. Ke3 d2 53. Rh2
Kc1 54. Rxd2 Rxd2 55. a4 Rd8 56. a5 Kc2 57. Ke4 Kb3 58. Ke5 Kb4 59. Ke6 Kxa5 60.
Ke5 Kb5 61. Ke4 a5 62. Ke5 a4 63. Ke4 a3 64. Ke5 a2 65. Ke4 a1=Q 66. Kf5 Qe1 67.
Kf4 Rf8+ 68. Kg4 Qg1+ 69. Kh3 Rh8# 0-1

[Event "Druzynowe Mistrzostwa Polski Juniorow - II Liga"]
[Site "Iwonicz"]
[Date "2016-07-31"]
[Round "11.35"]
[White "Kucharska, Honorata"]
[Black "Andrzejewska, Maja"]
[Result "1-0"]
[WhiteTitle "k"]
[BlackTitle "II"]
[WhiteElo "1855"]
[BlackElo "1298"]

1. e4 c5 2. Nf3 Nc6 3. d4 cxd4 4. Nxd4 e6 5. Nc3 a6 6. Be2 Nf6 7. O-O Be7 8. Be3
d5 9. exd5 Nxd5 10. Nxd5 Qxd5 11. Bf3 Qd7 12. Nxc6 bxc6 13. Qe2 Bb7 14. Rad1 Qc7
15. Qd3 c5 16. Bxb7 Qxb7 17. b3 O-O 18. Qd7 Ra7 19. Qa4 Qb5 20. Qg4 Kh8 21. Bg5
Bxg5 22. Qxg5 c4 23. Rd8 Ra8 24. Rxa8 Rxa8 25. Qf4 cxb3 26. axb3 Qd7 27. c4 f6
28. c5 e5 29. Qf3 Rc8 30. b4 Qb5 31. Qg4 Rb8 32. Rd1 h6 33. Rd7 Rg8 34. h3 a5
35. bxa5 Qxc5 36. a6 Qc1+ 37. Rd1 Qa3 38. Qc4 Ra8 39. Qc6 Qf8 40. Rd6 Rc8 41.
Qd5 Ra8 42. a7 Kh7 43. Rd7 Rc8 44. Kh2 Qe8 45. Rb7 Ra8 46. Qb3 Qc6 47. Qf7 Rg8
48. a8=Q 1-0

[Event "Druzynowe Mistrzostwa Polski Juniorow - II Liga"]
[Site "Iwonicz"]
[Date "2016-07-31"]
[Round "11.36"]
[White "Roszkiewicz, Anna"]
[Black "Cieslak, Jessica"]
[Result "1-0"]
[WhiteTitle "I"]
[BlackTitle "II"]
[WhiteElo "1445"]
[BlackElo "1189"]

1. e4 c5 2. Nf3 d6 3. d4 cxd4 4. Nxd4 Nf6 5. Nc3 Nc6 6. Bg5 Qb6 7. Bxf6 gxf6 8.
Nb3 e6 9. Be2 Bd7 10. Qd2 O-O-O 11. Nb5 Be8 12. a4 a5 13. Qc3 Be7 14. N5d4 Qb4
15. Qxb4 Nxb4 16. c3 Nc6 17. f3 b6 18. Kf2 Nxd4 19. Nxd4 d5 20. exd5 Rxd5 21.
Rhd1 Bc5 22. Kf1 Bxd4 23. Rxd4 Rxd4 24. cxd4 Bc6 25. Kf2 Rd8 26. Ke3 Kc7 27. Rc1
Kd6 28. b3 Rg8 29. g3 Rh8 30. f4 h5 31. h4 Rg8 32. Kf2 Be4 33. Bxh5 Rg7 34. Rc8
Kd7 35. Rc1 Kd6 36. Bf3 Bf5 37. Rc6+ Kd7 38. Rxb6 Bc2 39. Rb5 Kd6 40. Rxa5 Bxb3
41. Ra8 Kc7 42. a5 Bd5 43. Bxd5 exd5 44. a6 Kb6 45. Kf3 f5 46. Rd8 Kxa6 47. Rxd5
Kb6 48. Rxf5 Kc6 49. g4 Kd6 50. g5 Ke6 51. Kg4 1-0

[Event "Druzynowe Mistrzostwa Polski Juniorow - II Liga"]
[Site "Iwonicz"]
[Date "2016-07-31"]
[Round "11.37"]
[White "Pasieka, Marcin"]
[Black "Krawiec, Grzegorz"]
[Result "1/2-1/2"]
[WhiteTitle "I"]
[BlackTitle "I"]
[WhiteElo "1768"]
[BlackElo "1791"]

1. e4 c5 2. Nf3 e6 3. d4 cxd4 4. Nxd4 Nc6 5. Nc3 Qc7 6. Be3 a6 7. Qd2 Nf6 8. O-O-O
Bb4 9. f3 b5 10. Kb1 Be7 11. g4 d6 12. Qf2 Ne5 13. g5 Nfd7 14. h4 Nc4 15. Bxc4
bxc4 16. h5 Ne5 17. Rdg1 f6 18. f4 Nc6 19. f5 Nxd4 20. Bxd4 e5 21. Be3 Bb7 22.
h6 Bf8 23. hxg7 Bxg7 24. g6 hxg6 25. Rxh8+ Bxh8 26. Rxg6 Qf7 27. Qg2 O-O-O 28.
Na4 Bc6 29. Nb6+ Kc7 30. Nd5+ Bxd5 31. exd5 Kb7 32. Qe4 Rc8 33. c3 Ka8 34. Bf2
Qd7 35. Bh4 Qf7 36. Kc2 Rc5 37. Qg4 Qxd5 1/2-1/2

[Event "Druzynowe Mistrzostwa Polski Juniorow - II Liga"]
[Site "Iwonicz"]
[Date "2016-07-31"]
[Round "11.38"]
[White "Karykowska, Anna"]
[Black "Kupiecki, Szymon"]
[Result "1-0"]
[WhiteTitle "I++"]
[BlackTitle "II"]
[WhiteElo "1818"]
[BlackElo "1432"]

1. e4 c5 2. Nf3 Nc6 3. d4 cxd4 4. Nxd4 Nf6 5. Nc3 e5 6. Ndb5 d6 7. Bg5 a6 8. Na3
b5 9. Nd5 Be7 10. Bxf6 Bxf6 11. c4 b4 12. Nc2 a5 13. Qf3 Be7 14. Rd1 O-O 15. c5
f5 16. Nxe7+ Qxe7 17. cxd6 Qd7 18. Bc4+ Kh8 19. O-O Bb7 20. exf5 Nd4 21. Qd3 Qxd6
22. Nxd4 exd4 23. Qxd4 Qxd4 24. Rxd4 Rxf5 25. Rd7 Bc6 26. Rc7 Bd5 27. Bxd5 Rxd5
28. Rfc1 h6 29. Kf1 Kh7 30. R7c5 Rd2 31. R1c2 Rd1+ 32. Ke2 Ra1 33. b3 Rh1 34.
h3 Rh2 35. Kf3 Rh1 36. Rf5 Ra1 37. h4 Kg6 38. Rfc5 Rd1 39. Ke2 Rd4 40. g3 Re8+
41. Kf3 Rd3+ 42. Kg2 Ra8 43. Rb5 Rd4 44. Kf3 Ra7 45. Ke3 Rd1 46. Rcc5 Re7+ 47.
Kf3 Rd3+ 48. Kg2 Rd2 49. h5+ Kh7 50. Rxa5 Ree2 51. Rf5 Rxa2 52. Rxa2 Rxa2 53.
Rb5 Rc2 54. Rxb4 Rc5 55. g4 Rc7 56. Rb8 Rc3 57. f3 Rd3 58. b4 Rb3 59. b5 Rb4 60.
b6 Rb3 61. Kf2 Rc3 62. f4 Rb3 63. g5 hxg5 64. fxg5 g6 65. Rb7+ Kg8 66. hxg6 Rb5
67. g7 Rxg5 68. Rc7 1-0

[Event "Druzynowe Mistrzostwa Polski Juniorow - II Liga"]
[Site "Iwonicz"]
[Date "2016-07-31"]
[Round "11.39"]
[White "Niedbala, Bartlomiej"]
[Black "Fiedorek, Michal"]
[Result "1/2-1/2"]
[WhiteTitle "I"]
[BlackTitle "I"]
[WhiteElo "1626"]
[BlackElo "1756"]

1. e4 c5 2. c4 Nc6 3. Nc3 e6 4. g3 h5 5. h4 Nf6 6. Bg2 g6 7. d3 d6 8. Nge2 Bg7
9. Bg5 O-O 10. g4 Qb6 11. Bxf6 Bxf6 12. gxh5 Qxb2 13. Rc1 Nb4 14. Kf1 Bd7 15.
a3 Qxa3 16. Qd2 Bxc3 17. Rxc3 Qa1+ 18. Rc1 Qf6 19. Rh3 e5 20. Rg3 Kh7 21. Rg5
a5 22. Ng3 Qf4 23. Qxf4 exf4 24. Ne2 f6 25. Rxg6 Be8 26. Nxf4 Bxg6 27. hxg6+ Kh6
28. Rc3 a4 29. Ra3 Nc2 30. Ra2 Nd4 31. Bh3 Rg8 32. h5 Kg5 33. Ne6+ Kxh5 34. Nxd4
cxd4 35. Be6 Rg7 36. f4 Kxg6 37. Rg2+ Kh7 38. Rh2+ Kg6 39. Kf2 a3 40. Rg2+ Kh7
41. Rh2+ Kg6 42. Rg2+ 1/2-1/2

[Event "Druzynowe Mistrzostwa Polski Juniorow - II Liga"]
[Site "Iwonicz"]
[Date "2016-07-31"]
[Round "11.40"]
[White "Lewandowski, Wiktor"]
[Black "Lichorad, Mateusz"]
[Result "1/2-1/2"]
[WhiteTitle "II"]
[BlackTitle "II"]
[WhiteElo "1406"]
[BlackElo "1594"]

1. e4 e6 2. Nf3 d5 3. Nc3 dxe4 4. Nxe4 Nd7 5. d4 Ngf6 6. Nxf6+ Nxf6 7. Bd3 Be7
8. O-O O-O 9. c3 c5 10. dxc5 Bxc5 11. Bg5 Be7 12. Qc2 h6 13. Bf4 Bd7 14. Rad1
Qb6 15. Ne5 Rfd8 16. Nxd7 Nxd7 17. Rfe1 Nf6 18. Be2 Rxd1 19. Rxd1 Rd8 20. Rxd8+
Qxd8 21. h3 Nd5 22. Bc1 Qb6 23. Qb3 Qxb3 24. axb3 Kf8 25. Bf3 b6 26. Kf1 Ke8 27.
Ke2 Kd7 28. Be3 Nxe3 29. Kxe3 Bc5+ 30. Ke2 Be7 31. Ke3 1/2-1/2

[Event "Druzynowe Mistrzostwa Polski Juniorow - II Liga"]
[Site "Iwonicz"]
[Date "2016-07-31"]
[Round "11.41"]
[White "Kotula, Magdalena"]
[Black "Maciak, Gabriela"]
[Result "0-1"]
[WhiteTitle "I+"]
[BlackTitle "I"]
[WhiteElo "1567"]
[BlackElo "1492"]

1. e4 c5 2. Nf3 Nc6 3. Bb5 e6 4. c3 d5 5. exd5 Qxd5 6. O-O Nge7 7. Re1 a6 8. Ba4
b5 9. Bc2 Bb7 10. Be4 Qd7 11. d3 Nd5 12. Nbd2 Rd8 13. Nf1 Be7 14. Ng3 O-O 15.
Ng5 h6 16. Nh7 Rfe8 17. Bxh6 f5 18. Bxg7 Kxg7 19. Bxd5 Qxd5 20. Re3 Ne5 21. Nxf5+
exf5 22. Rg3+ Ng6 23. Qh5 Qe6 24. Kf1 Bh4 25. Re3 Bxg2+ 26. Kg1 Bxf2+ 0-1